00289nam a2200121Ia 4500008004100000082001600041100001800057245003800075250000800113260003000121300000800151650000800159191201s2007 xx 000 0 und d a004.19bMAC aMADAN,Sushila 0aComputer Based Information System a3rd aN. DelhibTaxmann,sc2007 a191 aBBA